<?xml version="1.0" encoding="UTF-8"?>
<collection xmlns="http://www.loc.gov/MARC21/slim">
 <record>
  <leader>06432nam a2200589 a 4500</leader>
  <controlfield tag="001">kal2532</controlfield>
  <controlfield tag="003">Gr-AtHEAL</controlfield>
  <controlfield tag="005">20160421080943.0</controlfield>
  <controlfield tag="006">m        d        </controlfield>
  <controlfield tag="008">160413s2015    gr      s           gre|c</controlfield>
  <datafield tag="020" ind1=" " ind2=" ">
   <subfield code="a">9789606031564</subfield>
  </datafield>
  <datafield tag="040" ind1=" " ind2=" ">
   <subfield code="a">GR-AtHEAL</subfield>
   <subfield code="b">gre</subfield>
   <subfield code="c">GR-AtHEAL</subfield>
  </datafield>
  <datafield tag="082" ind1="0" ind2="4">
   <subfield code="a">342</subfield>
   <subfield code="2">23</subfield>
  </datafield>
  <datafield tag="100" ind1="1" ind2=" ">
   <subfield code="a">Ακριβοπούλου, Χριστίνα.</subfield>
   <subfield code="8">276</subfield>
  </datafield>
  <datafield tag="245" ind1="1" ind2="0">
   <subfield code="a">Εισαγωγή στο διοικητικό δίκαιο</subfield>
   <subfield code="h">[Ηλεκτρονικός πόρος] </subfield>
   <subfield code="b">Στοιχεία διοικητικού δικαίου και διοικητικής οργάνωσης του κράτους</subfield>
   <subfield code="c">Ακριβοπούλου,Χριστίνα ; Ανθόπουλος,Χαράλαμπος ; Κριτικός αναγνώστης,Παπαδοπούλου Τριανταφυλλιά ; Τεχνική επιμέλεια,Κοκολάκης, Αντώνιος ; Γλωσσική επιμέλεια,Μπαλτά, Ευαγγελία.</subfield>
  </datafield>
  <datafield tag="260" ind1=" " ind2=" ">
   <subfield code="a">Αθήνα :</subfield>
   <subfield code="b">Σύνδεσμος Ελληνικών Ακαδημαϊκών Βιβλιοθηκών,</subfield>
   <subfield code="c">c2015.</subfield>
  </datafield>
  <datafield tag="490" ind1=" " ind2=" ">
   <subfield code="a">Ακαδημαϊκά Ηλεκτρονικά Συγγράμματα και Βοηθήματα Κάλλιπος</subfield>
   <subfield code="8">40</subfield>
  </datafield>
  <datafield tag="520" ind1=" " ind2=" ">
   <subfield code="a">Το προτεινόμενο σύγγραμα αποτελεί μια εισαγωγή στο διοικητικό δίκαιο, στη διοικητική οργάνωση του κράτους και στις θεμελιώδεις αρχές της διοικητικής διαδικασίας. Στο πλαίσιο αυτό, το προτεινόμενο σύγγραμα αναφέρεται κυρίως σε: α. ζητήματα που αφορούν το διοικητικό δίκαιο και την επιστήμη του διοικητικού δικαίου, β. τη διοικητική οργάνωση του κράτους και τα όργανα της εκτελεστικής λειτουργίας (Κυβέρνηση, Πρόεδρος της Δημοκρατίας), την έννοια της δημόσιας διοίκησης, τα συστήματα διοικητικής οργάνωσης του κράτους (αποκέντρωση και αυτοδιοίκηση), τη θεσμική λειτουργία των Ανεξάρτητων Αρχών, γ. στις έννοιες του διοικητικού οργάνου, της διοικητικής αρμοδιότητας, των δικαιωμάτων και των υποχρεώσεων των δημοσίων υπαλλήλων, στην αστική ευθύνη του κράτους από πράξεις ή παραλείψεις των οργάνων του, δ. στις θεμελιώδεις αρχές τις διοικητικής διαδικασίας και στα δικαιώματα των διοικουμένων (αρχή της ισότητας, αρχή της νομιμότητας, αρχή της αναλογικότητας, αρχή της δικαιολογημένης εμπιστοσύνης του διοικουμένου, αρχή της προστασίας του δημοσίου συμφέροντος, αιτιολογία των διοικητικών πράξεων και δικαίωμα προηγούμενης ακρόασης του διοικούμενου), ε. στα είδη και στις διακρίσεις των διοικητικών πράξεων (προεδρικά διατάγματα, υπουργικές αποφάσεις, άλλες κανονιστικές πράξεις της διοίκησης, κυβερνητικές πράξεις, ατομικές διοικητικές πράξεις) καθώς και το καθεστώς ανάκλησης των ατομικών διοικητικών πράξεων, στ. ζητήματα που αφορούν τις διοικητικές συμβάσεις, ζ. ζητήματα που αφορούν τη δικαστική προστασία των διοικουμένων ενώπιον των διοικητικών δικαστηρίων και η. το φαινόμενο του εξευρωπαϊσμού του διοικητικού δικαίου.</subfield>
  </datafield>
  <datafield tag="650" ind1=" " ind2="0">
   <subfield code="a">Administrative law</subfield>
   <subfield code="8">1529</subfield>
  </datafield>
  <datafield tag="653" ind1=" " ind2=" ">
   <subfield code="a">Καλλικράτης</subfield>
  </datafield>
  <datafield tag="653" ind1=" " ind2=" ">
   <subfield code="a">Νόμος</subfield>
  </datafield>
  <datafield tag="653" ind1=" " ind2=" ">
   <subfield code="a">Προεδρικά διατάγματα</subfield>
  </datafield>
  <datafield tag="653" ind1=" " ind2=" ">
   <subfield code="a">Μεταβίβαση αρμοδιότητας</subfield>
  </datafield>
  <datafield tag="653" ind1=" " ind2=" ">
   <subfield code="a">Τεκμήριο νομιμότητας</subfield>
  </datafield>
  <datafield tag="653" ind1=" " ind2=" ">
   <subfield code="a">Τοπική αυτοδιοίκηση</subfield>
  </datafield>
  <datafield tag="653" ind1=" " ind2=" ">
   <subfield code="a">Αποκέντρωση</subfield>
  </datafield>
  <datafield tag="653" ind1=" " ind2=" ">
   <subfield code="a">Διοικητικές συμβάσεις</subfield>
  </datafield>
  <datafield tag="653" ind1=" " ind2=" ">
   <subfield code="a">Συλλογικά όργανα της διοίκησης</subfield>
  </datafield>
  <datafield tag="653" ind1=" " ind2=" ">
   <subfield code="a">Κυβερνητικές πράξεις</subfield>
  </datafield>
  <datafield tag="653" ind1=" " ind2=" ">
   <subfield code="a">Σύνθετη διοικητική ενέργεια</subfield>
  </datafield>
  <datafield tag="653" ind1=" " ind2=" ">
   <subfield code="a">Δικαιολογημένη εμπιστοσύνη του διοικούμενου</subfield>
  </datafield>
  <datafield tag="653" ind1=" " ind2=" ">
   <subfield code="a">Αιτιολογία των διοικητικών πράξεων</subfield>
  </datafield>
  <datafield tag="653" ind1=" " ind2=" ">
   <subfield code="a">Αρχή της ισότητας</subfield>
  </datafield>
  <datafield tag="653" ind1=" " ind2=" ">
   <subfield code="a">Αρχή της νομιμότητας</subfield>
  </datafield>
  <datafield tag="653" ind1=" " ind2=" ">
   <subfield code="a">Αρχή της αναλογικότητας</subfield>
  </datafield>
  <datafield tag="653" ind1=" " ind2=" ">
   <subfield code="a">Ανάκληση της διοικητικής πράξης</subfield>
  </datafield>
  <datafield tag="653" ind1=" " ind2=" ">
   <subfield code="a">Ανεξάρτητες αρχές</subfield>
  </datafield>
  <datafield tag="653" ind1=" " ind2=" ">
   <subfield code="a">Διοικητική οργάνωση του κράτους</subfield>
  </datafield>
  <datafield tag="653" ind1=" " ind2=" ">
   <subfield code="a">Κανονιστικές πράξεις</subfield>
  </datafield>
  <datafield tag="653" ind1=" " ind2=" ">
   <subfield code="a">Ατομικές πράξεις</subfield>
  </datafield>
  <datafield tag="653" ind1=" " ind2=" ">
   <subfield code="a">Διοικητικές πράξεις</subfield>
  </datafield>
  <datafield tag="653" ind1=" " ind2=" ">
   <subfield code="a">Δημόσια διοίκηση</subfield>
  </datafield>
  <datafield tag="653" ind1=" " ind2=" ">
   <subfield code="a">Διοικητικό δίκαιο</subfield>
  </datafield>
  <datafield tag="653" ind1=" " ind2=" ">
   <subfield code="a">Νομικές επιστήμες</subfield>
   <subfield code="a">Γενική θεωρία και μέθοδοι</subfield>
  </datafield>
  <datafield tag="653" ind1=" " ind2=" ">
   <subfield code="a">Νομικές επιστήμες</subfield>
   <subfield code="a">Εθνικό δίκαιο</subfield>
  </datafield>
  <datafield tag="700" ind1="1" ind2=" ">
   <subfield code="a">Ανθόπουλος,Χαράλαμπος</subfield>
   <subfield code="e">Συγγραφέας</subfield>
   <subfield code="8">296</subfield>
  </datafield>
  <datafield tag="700" ind1="1" ind2=" ">
   <subfield code="a">Παπαδοπούλου Τριανταφυλλιά</subfield>
   <subfield code="e">Κριτικός αναγνώστης</subfield>
   <subfield code="8">297</subfield>
  </datafield>
  <datafield tag="856" ind1="4" ind2="0">
   <subfield code="u">http://hdl.handle.net/11419/2532</subfield>
   <subfield code="z">Πλήρες Κείμενο - Full text</subfield>
  </datafield>
  <datafield tag="907" ind1=" " ind2=" ">
   <subfield code="a">.b25677068</subfield>
   <subfield code="b">12-06-18</subfield>
   <subfield code="c">29-07-16</subfield>
  </datafield>
  <datafield tag="949" ind1=" " ind2=" ">
   <subfield code="0">0</subfield>
   <subfield code="1">0</subfield>
   <subfield code="2">ddc</subfield>
   <subfield code="4">0</subfield>
   <subfield code="6">342_000000000000000_ΑΚΡ</subfield>
   <subfield code="7">0</subfield>
   <subfield code="8">KALL</subfield>
   <subfield code="8">464</subfield>
   <subfield code="d">2016-04-13</subfield>
   <subfield code="r">2016-04-13</subfield>
   <subfield code="w">2016-04-13</subfield>
   <subfield code="z">342 ΑΚΡ</subfield>
   <subfield code="o">SEAB KALLIPOS</subfield>
  </datafield>
  <datafield tag="998" ind1=" " ind2=" ">
   <subfield code="a">01</subfield>
   <subfield code="a">02</subfield>
   <subfield code="a">03</subfield>
   <subfield code="a">04</subfield>
   <subfield code="a">05</subfield>
   <subfield code="a">06</subfield>
   <subfield code="a">07</subfield>
   <subfield code="a">08</subfield>
   <subfield code="a">09</subfield>
   <subfield code="a">10</subfield>
   <subfield code="a">11</subfield>
   <subfield code="a">12</subfield>
   <subfield code="a">13</subfield>
   <subfield code="a">14</subfield>
   <subfield code="a">15</subfield>
   <subfield code="a">16</subfield>
   <subfield code="a">17</subfield>
   <subfield code="a">18</subfield>
   <subfield code="a">19</subfield>
   <subfield code="a">20</subfield>
   <subfield code="a">21</subfield>
   <subfield code="a">22</subfield>
   <subfield code="a">23</subfield>
   <subfield code="a">24</subfield>
   <subfield code="a">25</subfield>
   <subfield code="a">26</subfield>
   <subfield code="a">80</subfield>
   <subfield code="b">15-06-06</subfield>
   <subfield code="c">m</subfield>
   <subfield code="d">z  </subfield>
   <subfield code="e">-</subfield>
   <subfield code="f">gre</subfield>
   <subfield code="g">gr </subfield>
   <subfield code="h">0</subfield>
  </datafield>
  <datafield tag="942" ind1=" " ind2=" ">
   <subfield code="2">ddc</subfield>
   <subfield code="c">KALLIPOS</subfield>
  </datafield>
 </record>
</collection>
